000 005970000a22001810004500
003 MACL
005 20160305131239.0
008 160305b xxu||||| |||| 00| 0 eng d
040 _aMACL
_cMACL
041 _aHindi
082 _a891.432
100 _aहरिश्‍चन्‍द्र श्री भारतेन्‍दुु
_943018
245 _aश्री चन्‍द्रावली नाटिका
260 _bविनोद पुस्‍तक मन्दिर
_c1956
_aआगरा
350 _a1
650 _aDrama
_943019
942 _cHIN
_k891.432
_2ddc
999 _c24838
_d24838